| 000 | nam a22 7a 4500 | ||
|---|---|---|---|
| 999 |
_c46525 _d46525 |
||
| 003 | OSt | ||
| 005 | 20190418094632.0 | ||
| 008 | 190418b xxu||||| |||| 00| 0 eng d | ||
| 040 | _cIIMT UNIVERSITY | ||
| 100 | _aIVANCEVIEH JOHN M. | ||
| 245 | _aORGANIZATIONAL BEHAVIOUR & MANAGEMENT | ||
| 260 |
_aNEW DELHI _bTMH PUB _c2010 |
||
| 300 | _a718 | ||
| 942 |
_2ddc _c02 _e2010 |
||